01004nam a2200253Ia 4500003000900000008004100009020003100050022002200081022002300103040001600126100002700142245008300169260003100252300001600283490002800299700003100327700002700358700003100385700003000416856010800446942000700554999001700561952017200578IN-BaIIA211028s9999 xx s 000 0 eng d a978-2-7598-0074-2 (Online) a1633-4760 (Print) a1638-1963 (Online) cIIA Library aBusso, M., ed. 923119 4aThe Third European Summer School on Experimental Nuclear Astrophysicsh[eBook] aFrancebEDP Sciencesc2007 aviii, 193p. aEAS Publications Series aPizzone, R. G., ed.938168 aRolfs, C., ed. 938169 aSpitaleri, C., ed. 938170 aTumino, A., ed.  938171 uhttps://www.eas-journal.org/articles/eas/abs/2007/05/contents/contents.htmlyClick Here to Access eBook cEB c20621d20621 00104070aBANbBANd2013-01-01eEDP ScienceshV. 27l0pEB81r2021-11-05uhttps://www.eas-journal.org/articles/eas/abs/2007/05/contents/contents.htmlw2021-11-05yEB